000 00205nam a2200109Ia 4500
100 _a#N/A
942 _cBK
245 _a14 Open Source big data tools
260 _b#N/A
546 _aENGLISH
999 _c26122
_d26122